[Event "Nordic Youth Chess Championships 2022: Class D - U13"]
[Site "Scandic Helsingborg Nord, Florettgatan 41, Helsingborg, Sweden"]
[Date "2022.08.28"]
[Round "5.1"]
[White "Zander, Emil"]
[Black "Jaakkola, Niklas"]
[Result "1-0"]
[WhiteElo "1991"]
[BlackElo "1894"]
[TimeControl "90 minutes with 30 seconds increment per move."]
[WhiteFideId "1467123"]
[BlackFideId "514977"]

1.e4 c5 2.Nf3 d6 3.d4 cxd4 4.Nxd4 Nf6 5.Nc3 a6 6.f3 e5 7.Nb3 Be6 8.Be3 Be7
9.Qd2 O-O 10.O-O-O Nbd7 11.g4 b5 12.g5 Nh5 13.Nd5 Bxd5 14.exd5 f6 15.gxf6 
Bxf6 16.Kb1 Qe8 17.Bd3 Bd8 18.Rhg1 Nf4 19.Bxf4 Rxf4 20.Rg3 Bb6 21.Qg2 Qe7 
22.Nd2 Nf6 23.Qh3 Kh8 24.Ne4 Nxe4 25.Bxe4 Rh4 26.Qg2 Qf7 27.Rg5 Be3 28.Rg4
Qf6 29.Qg3 Rh5 30.h4 Rg8 31.Rd3 Bf4 32.Qf2 g5 33.Rd1 Rxh4 34.Rdg1 h5 35.
Qxh4 Kg7 36.Qxh5 Rh8 37.Rxg5+ Bxg5 38.Qxg5+ Qxg5 39.Rxg5+ Kf6 40.Rg6+ Kf7 
41.a3 1-0

[Event "Nordic Youth Chess Championships 2022: Class D - U13"]
[Site "Scandic Helsingborg Nord, Florettgatan 41, Helsingborg, Sweden"]
[Date "2022.08.28"]
[Round "5.2"]
[White "Heidarsson, Mikael Bjarki"]
[Black "Ostensen, Nicolai Maxime"]
[Result "0-1"]
[WhiteElo "1701"]
[BlackElo "2174"]
[TimeControl "90 minutes with 30 seconds increment per move."]
[WhiteFideId "2317532"]
[BlackFideId "1546970"]

1.d4 d5 2.c4 c6 3.cxd5 cxd5 4.Nc3 Nf6 5.Bg5 Nc6 6.e3 e6 7.Nf3 Bb4 8.Nd2 h6
9.Bh4 O-O 10.Bd3 Be7 11.a3 e5 12.dxe5 Nxe5 13.Nb3 Ng6 14.Bxg6 fxg6 15.O-O 
Be6 16.Nd4 Bf7 17.Qb3 g5 18.Bg3 Qd7 19.Rfd1 Rfd8 20.Qb5 Rac8 21.Qxd7 Rxd7 
22.Rac1 Rc4 23.Nf3 Rd8 24.Ne5 Rc5 25.Nxf7 Kxf7 26.Be5 b6 27.Bd4 Rc4 28.Rc2
Rdc8 29.Rdc1 Ne4 30.Kf1 Bf6 31.Bxf6 gxf6 32.Ke2 Nxc3+ 33.Rxc3 Rxc3 34.Rxc3
Rxc3 35.bxc3 Ke6 36.Kd3 Ke5 37.g3 g4 38.a4 a6 39.Kc2 Kd6 40.Kb2 Kc5 41.Kb3
a5 42.Kb2 b5 43.Kb3 Kb6 44.Ka3 bxa4 45.Kxa4 Ka6 0-1

[Event "Nordic Youth Chess Championships 2022: Class D - U13"]
[Site "Scandic Helsingborg Nord, Florettgatan 41, Helsingborg, Sweden"]
[Date "2022.08.28"]
[Round "5.3"]
[White "Medhus, Vitus Bondo"]
[Black "Morell, Oscar"]
[Result "1-0"]
[WhiteElo "2050"]
[BlackElo "1905"]
[TimeControl "90 minutes with 30 seconds increment per move."]
[WhiteFideId "1462547"]
[BlackFideId "1752952"]

1.e4 c5 2.Nc3 Nc6 3.f4 g6 4.Nf3 Bg7 5.Bb5 e6 6.Bxc6 bxc6 7.O-O d5 8.e5 Ne7
9.b3 O-O 10.Ba3 c4 11.bxc4 dxc4 12.Ne4 Ba6 13.c3 Re8 14.Nd6 Qb6+ 15.Kh1 
Red8 16.Ng5 Nd5 17.Ngxf7 Rd7 18.Ng5 Nxf4 19.Rxf4 Qa5 20.Qg4 Qxe5 21.Re4 
Qd5 22.Rxe6 h5 23.Qe2 Qxg5 24.Re8+ Kh7 25.Rxa8 Be5 26.Rf1 Bxd6 27.Bxd6 
Rxd6 28.Rf7+ Kh6 29.Rh8# 1-0

[Event "Nordic Youth Chess Championships 2022: Class D - U13"]
[Site "Scandic Helsingborg Nord, Florettgatan 41, Helsingborg, Sweden"]
[Date "2022.08.28"]
[Round "6.1"]
[White "Ostensen, Nicolai Maxime"]
[Black "Zander, Emil"]
[Result "1-0"]
[WhiteElo "2174"]
[BlackElo "1991"]
[TimeControl "90 minutes with 30 seconds increment per move."]
[WhiteFideId "1546970"]
[BlackFideId "1467123"]

1.c4 e5 2.Nc3 Nf6 3.Nf3 Nc6 4.a3 d5 5.cxd5 Nxd5 6.d3 Bg4 7.e3 Qd7 8.Be2 
Be7 9.h3 Be6 10.Qc2 O-O 11.O-O f5 12.Bd2 Rad8 13.b4 Bf6 14.Rac1 Nxc3 15.
Bxc3 a6 16.Qb2 e4 17.dxe4 fxe4 18.Ne5 Nxe5 19.Bxe5 c6 20.Rfd1 Qf7 21.Bxf6 
gxf6 22.Rd4 Qg6 23.Bc4 Bxc4 24.Rcxc4 f5 25.Rxd8 Rxd8 26.Qe5 Rd1+ 27.Kh2 
Qd6 28.Rc5 Qxe5+ 29.Rxe5 Rd5 30.Re7 Rd3 31.Rxb7 Rxa3 32.Rb6 Rb3 33.g4 Kf7 
34.Kg3 fxg4 35.hxg4 Rc3 36.Rxa6 Rc4 37.Rb6 Ke7 38.Kf4 Kd7 39.b5 c5 40.Rb7+
Ke6 41.Rxh7 Rb4 42.Rb7 Kd5 43.g5 c4 44.g6 Rb1 45.g7 Rg1 46.Rc7 c3 47.b6 
1-0

[Event "Nordic Youth Chess Championships 2022: Class D - U13"]
[Site "Scandic Helsingborg Nord, Florettgatan 41, Helsingborg, Sweden"]
[Date "2022.08.28"]
[Round "6.2"]
[White "Asikainen, Eeli"]
[Black "Medhus, Vitus Bondo"]
[Result "1-0"]
[WhiteElo "1802"]
[BlackElo "2050"]
[TimeControl "90 minutes with 30 seconds increment per move."]
[WhiteFideId "515990"]
[BlackFideId "1462547"]

1.e4 c5 2.Nf3 Nc6 3.d4 cxd4 4.Nxd4 e5 5.Nb5 d6 6.c4 Be7 7.N5c3 Nf6 8.Bd3 
O-O 9.O-O Nd7 10.Nd5 Nc5 11.Nbc3 Bg5 12.b4 Nxd3 13.Qxd3 f5 14.f3 Bxc1 15.
Raxc1 Nxb4 16.Nxb4 Qb6+ 17.Kh1 Qxb4 18.Nd5 Qc5 19.exf5 Kh8 20.Ne3 Bd7 21.
Rfd1 Ba4 22.Re1 Rac8 23.Qe4 b5 24.Qh4 Qd4 25.Qe4 b4 26.Qb7 a5 27.f6 e4 28.
Qxg7# 1-0

[Event "Nordic Youth Chess Championships 2022: Class D - U13"]
[Site "Scandic Helsingborg Nord, Florettgatan 41, Helsingborg, Sweden"]
[Date "2022.08.28"]
[Round "6.3"]
[White "Jaakkola, Niklas"]
[Black "Sakic, Matija"]
[Result "1/2-1/2"]
[WhiteElo "1894"]
[BlackElo "1797"]
[TimeControl "90 minutes with 30 seconds increment per move."]
[WhiteFideId "514977"]
[BlackFideId "1744372"]

1.e4 c6 2.d4 d5 3.e5 Bf5 4.h4 h5 5.Bd3 Bxd3 6.Qxd3 Qa5+ 7.Nc3 Qa6 8.e6 
Qxd3 9.exf7+ Kxf7 10.cxd3 e6 11.Nf3 Bd6 12.O-O Nd7 13.Re1 Re8 14.Ng5+ Kf6 
15.Ne2 Bb4 16.Nc3 Bd6 17.Bd2 Nh6 18.Ne2 Nf7 19.f4 Nh6 20.Ng3 g6 21.Re2 Re7
22.b4 Rhe8 23.Nf3 Nf5 24.Nxf5 exf5 25.Ne5 Bxe5 26.dxe5+ Ke6 27.Be3 b6 28.
Rc2 Nb8 29.a4 Rd8 30.d4 Rc7 31.b5 Rdc8 32.a5 cxb5 33.Rxc7 Rxc7 34.axb6 
axb6 35.Rb1 Nd7 36.Rxb5 Rc6 37.Kf1 Nb8 38.Ke2 Nd7 39.Kd3 Rc8 40.Bd2 Ra8 
41.Bc3 Ra2 42.Bb2 Ra4 43.Kc3 Rc4+ 44.Kb3 Rc6 45.Rb4 Nb8 46.Ra4 Rc7 47.Ba3 
Nc6 48.Bd6 Ra7 49.Rxa7 Nxa7 50.Bc7 b5 51.Kb4 Nc6+ 52.Kc3 Kd7 53.Bd6 Ke6 
54.Bb4 Kd7 55.Bc5 Ke6 56.Bd6 Kd7 57.Bf8 Ke6 58.Bb4 Kd7 59.Bc5 1/2-1/2

[Event "Nordic Youth Chess Championships 2022: Class E - U11"]
[Site "Scandic Helsingborg Nord, Florettgatan 41, Helsingborg, Sweden"]
[Date "2022.08.27"]
[Round "4.1"]
[White "Vorobyov, Radmir"]
[Black "Myny, Sigur H"]
[Result "0-1"]
[WhiteElo "1582"]
[BlackElo "1409"]
[TimeControl "Scandic Helsingborg Nord, Florettgatan 41, Helsingborg"]
[WhiteFideId "518077"]
[BlackFideId "1561626"]

1.d4 d5 2.Nf3 Nf6 3.g3 c5 4.e3 Nc6 5.Bg2 Bg4 6.h3 Bh5 7.b3 e6 8.Bb2 Rc8 9.
O-O cxd4 10.exd4 Be7 11.a3 O-O 12.Nbd2 Ne4 13.g4 Bg6 14.Nxe4 Bxe4 15.c4 
dxc4 16.bxc4 Bf6 17.Ne5 Bxg2 18.Kxg2 Na5 19.Qe2 Bxe5 20.dxe5 Nxc4 21.Rad1 
Qe7 22.Bc1 Nxa3 23.h4 a6 24.g5 Nb5 25.Qf3 Rc3 26.Rd3 Rxd3 27.Qxd3 Rd8 28.
Qg3 Qc5 29.h5 Qc3 30.Be3 Qd3 31.Rg1 Nc3 32.Qf3 Qd5 33.Qxd5 Nxd5 34.Bc5 b5 
35.Ra1 Ra8 36.Kf3 f6 37.gxf6 gxf6 38.exf6 Kf7 39.Ke4 Nxf6+ 40.Ke5 Rd8 41.
Bb6 Nd7+ 42.Ke4 Nxb6 43.Rxa6 Nd7 44.Ra5 Rb8 45.f4 b4 46.Ra1 b3 47.Kd4 b2 
48.Rb1 Kf6 49.Kc3 Nc5 50.h6 Kf5 51.Rxb2 Na4+ 52.Kc2 Rxb2+ 53.Kd1 Ke4 54.
Ke1 Nc3 55.f5 exf5 56.Kf1 Ke3 57.Kg1 Kf3 58.Kh1 Kg3 59.Kg1 Rb1# 0-1

[Event "Nordic Youth Chess Championships 2022: Class E - U11"]
[Site "Scandic Helsingborg Nord, Florettgatan 41, Helsingborg, Sweden"]
[Date "2022.08.28"]
[Round "5.1"]
[White "Andersson, Sol"]
[Black "Myny, Sigur H"]
[Result "1-0"]
[WhiteElo "1386"]
[BlackElo "1409"]
[TimeControl "Scandic Helsingborg Nord, Florettgatan 41, Helsingborg"]
[WhiteFideId "1762702"]
[BlackFideId "1561626"]

1.e4 e5 2.Nf3 Nc6 3.Bb5 a6 4.Ba4 Nf6 5.O-O b5 6.Bb3 Be7 7.Nc3 O-O 8.a3 d6 
9.Re1 Nd4 10.Nxd4 exd4 11.Nd5 Re8 12.Nxe7+ Qxe7 13.d3 Be6 14.Bxe6 Qxe6 15.
Bf4 Nd7 16.c3 Qf6 17.Qd2 Nc5 18.Bg5 Qg6 19.Rab1 dxc3 20.bxc3 Nxd3 21.Qxd3 
Qxg5 22.c4 Rab8 23.cxb5 axb5 24.Qc3 Qe7 25.f3 c5 26.Qd3 c4 27.Qd5 Qa7+ 28.
Kh1 Qc5 29.Red1 Red8 30.h3 Qxa3 31.Rxb5 Rxb5 32.Qxb5 Qb3 33.Rxd6 Rb8 34.
Qd5 Qa3 35.Rd8+ Rxd8 36.Qxd8+ Qf8 37.Qc7 g6 38.Qxc4 Qa3 39.Qc8+ Kg7 40.Qg4
Qa1+ 41.Kh2 Qe5+ 42.Qg3 Qd4 43.h4 h5 44.Qg5 Qd6+ 45.e5 Qe6 46.f4 Qd7 47.
Qf6+ Kf8 48.f5 gxf5 49.Qh8+ Ke7 50.Qxh5 Qe6 51.Qg5+ Ke8 52.Qf6 Qc4 53.Qxf5
Qxh4+ 54.Qh3 Qf4+ 55.Qg3 Qh6+ 56.Kg1 Qc1+ 57.Kf2 Qd2+ 58.Kf3 Qd3+ 59.Kf4 
Qd2+ 60.Kf5 Qc2+ 61.Kf6 Qc6+ 62.Kg7 Qc5 63.Qg5 Qf8+ 64.Kh7 Qe7 65.Qf6 Qd7 
66.Kg8 Qg4+ 67.Qg7 Qe6 68.Qf8+ 1-0

[Event "Nordic Youth Chess Championships 2022: Class E - U11"]
[Site "Scandic Helsingborg Nord, Florettgatan 41, Helsingborg, Sweden"]
[Date "2022.08.28"]
[Round "5.2"]
[White "Vorobyov, Radmir"]
[Black "Gudnyjarson, Sigurdur Pall"]
[Result "1-0"]
[WhiteElo "1582"]
[BlackElo "1462"]
[TimeControl "Scandic Helsingborg Nord, Florettgatan 41, Helsingborg"]
[WhiteFideId "518077"]
[BlackFideId "2321637"]

1.e4 c6 2.d4 d5 3.Nc3 dxe4 4.Nxe4 Bf5 5.Ng3 Bg6 6.h4 h6 7.Nf3 Nd7 8.Bd3 
Bxd3 9.Qxd3 Qc7 10.Be3 e6 11.O-O Ngf6 12.c4 Bd6 13.Ne4 Nxe4 14.Qxe4 Nf6 
15.Qc2 O-O 16.Rfd1 Rad8 17.Rac1 Bf4 18.Bxf4 Qxf4 19.b4 g5 20.Qd2 Qxd2 21.
Rxd2 Ne4 22.Rdd1 f6 23.Re1 f5 24.Rcd1 g4 25.Ne5 Kg7 26.Rd3 Kf6 27.Nxg4+ 
fxg4 28.Rxe4 h5 29.Kf1 Rg8 30.Ke2 Rd7 31.Rf4+ Ke7 32.Re3 Rgd8 33.Kd3 b6 
34.Re5 a5 35.bxa5 Ra7 36.Rxh5 Rxa5 37.Rxa5 bxa5 38.Rxg4 1-0

[Event "Nordic Youth Chess Championships 2022: Class E - U11"]
[Site "Scandic Helsingborg Nord, Florettgatan 41, Helsingborg, Sweden"]
[Date "2022.08.28"]
[Round "6.1"]
[White "Andersson, Sol"]
[Black "Vorobyov, Radmir"]
[Result "0-1"]
[WhiteElo "1386"]
[BlackElo "1582"]
[TimeControl "Scandic Helsingborg Nord, Florettgatan 41, Helsingborg"]
[WhiteFideId "1762702"]
[BlackFideId "518077"]

1.e4 e5 2.Nf3 Nc6 3.Bb5 Nf6 4.O-O Nxe4 5.Re1 Nd6 6.Bxc6 dxc6 7.Nxe5 Be7 8.
Qe2 Be6 9.d3 O-O 10.Nxf7 Rxf7 11.Qxe6 Qf8 12.Nc3 Re8 13.Be3 Bh4 14.Qb3 Nf5
15.g3 Nxe3 16.Rxe3 Rxe3 17.fxe3 Bg5 18.e4 Be3+ 19.Kg2 Kh8 20.Qxb7 Rf2+ 21.
Kh3 g6 22.g4 Qf3+ 23.Kh4 Rxh2# 0-1

[Event "Nordic Youth Chess Championships 2022: Class E - U11"]
[Site "Scandic Helsingborg Nord, Florettgatan 41, Helsingborg, Sweden"]
[Date "2022.08.28"]
[Round "6.2"]
[White "Lilliehook, Victor"]
[Black "Jalving, August"]
[Result "1-0"]
[WhiteElo "1718"]
[BlackElo "1920"]
[TimeControl "Scandic Helsingborg Nord, Florettgatan 41, Helsingborg"]
[WhiteFideId "1752103"]
[BlackFideId "1471759"]

1.e4 c5 2.Nf3 d6 3.d4 cxd4 4.Nxd4 Nf6 5.Nc3 a6 6.f3 e5 7.Nb3 Be6 8.Be3 Be7
9.Qd2 h5 10.O-O-O Nbd7 11.Nd5 Nxd5 12.exd5 Bf5 13.Bd3 Bxd3 14.Qxd3 Bg5 15.
Kb1 O-O 16.g4 h4 17.h3 Rc8 18.Nd2 Nc5 19.Bxc5 Rxc5 20.Ne4 Rc7 21.Qa3 Rd7 
22.Rhg1 Be7 23.Qd3 Bg5 24.Rg2 f6 25.Rdg1 Qe7 26.Qc3 Rc7 27.Qb4 Rd8 28.Re2 
Rdd7 29.b3 b5 30.Qa5 Ra7 31.Qb6 Qd8 32.Qxd8+ Rxd8 33.Rd1 Rc7 34.Rd3 Kf7 
35.Rc3 Rxc3 36.Nxc3 Rc8 37.Ne4 Ke7 38.Kb2 Bf4 39.Ka3 a5 40.Kb2 g6 41.Rg2 
b4 42.Kb1 f5 43.gxf5 gxf5 44.Rg7+ Kf8 45.Rf7+ Kxf7 46.Nxd6+ Ke7 47.Nxc8+ 
Kd7 48.Nb6+ Kd6 49.c3 bxc3 50.Kc2 Kc5 51.Nc4 Kxd5 52.Kxc3 e4 53.fxe4+ Kxe4
54.Nxa5 Kf3 55.Nc6 Kg2 56.Ne7 Be5+ 57.Kd3 f4 58.Ng6 Bc7 59.Nxh4+ Kg3 60.
Nf5+ Kxh3 61.Ke4 Kg4 62.Nd4 Bb6 63.Nf3 Bc5 64.a4 Bb4 65.Ne5+ Kg3 66.Nf3 
Ba5 67.Ng1 Kg2 68.Kxf4 Kxg1 69.Ke4 Kf2 70.Kd3 Kf3 71.Kc4 Ke4 72.b4 Bc7 73.
Kc5 Ke5 74.Kc6 Bb8 75.b5 1-0